| 000 | 00000nam##2200000za#4500 |
| 001 | 9.589861 |
| 003 | CaOODSP |
| 005 | 20210624195841 |
| 007 | cr ||||||||||| |
| 008 | 150406|2011||||xxc|||||o f|0| 0 eng|d |
| 022 | |a1919-5044 |
| 040 | |aCaOODSP|beng |
| 041 | |aeng |
| 041 | |afre |
| 043 | |an-cn--- |
| 086 | 1 |aFs70-5/2011-112-PDF |
| 110 | 1 |aCanada. |bDepartment of Fisheries and Oceans. |
| 245 | 10|aPreliminary results from the groundfish and shrimp multidisciplinary survey in August 2011 in the Estuary and northern Gulf of St. Lawrence / |h[electronic resource]|c[by] Diane Archambault, Hugo Bourdages, Brigitte Bernier, Alain Fréchet, Johanne Gauthier, François Grégoire, Jean Lambert and Louise Savard. |
| 260 | |aMont-Joli - Quebec : |bFisheries and Oceans Canada |cc2012. |
| 300 | |a103p.|bfigs., graphs, references, tables |
| 490 | 1 |aCanadian Science Advisory Secretariat research document|x1919-5044|v2011/112, Quebec Region |
| 590 | |a14-02-Supp|b2014-01-08 |
| 792 | |tRésultats préliminaires du relevé multidisciplinaire de poissons de fond et de crevette d'août 2011 dans l'estuaire et le nord du golfe du Saint-Laurent / |efre|w(CaOODSP)9.589862 |
| 830 | #0|aResearch document (Canadian Science Advisory Secretariat)|x1919-5044|v2011/112, Quebec Region|w(CaOODSP)9.500505 |
| 856 | 40|ahttp://publications.gc.ca|qPDF|s6716 KB|uhttps://publications.gc.ca/collections/collection_2013/mpo-dfo/Fs70-5-2011-112.pdf|y2011/112, Quebec Region |